RCD Espanyol Squad 2014-2015 - Statistics

General Stats
  • This quiz has been taken 15 times
  • The average score is 15 of 26
Answer Stats
# Position Nation Player % Correct
25 GK Spain Pau López
100%
8 FW Uruguay Cristhian Stuani
91%
15 DF Mexico Héctor Moreno
91%
16 DF Spain Javi López
91%
20 FW Ecuador Felipe Caicedo
82%
13 GK Spain Kiko Casilla
82%
9 FW Spain Sergio García
82%
4 MF Spain Víctor Sánchez
82%
2 DF Brazil Felipe Mattioni
73%
- Coach Spain Sergio González
73%
5 DF Spain Víctor Álvarez
73%
22 DF Spain Álvaro González
64%
10 MF Spain Abraham González
55%
19 DF Argentina Diego Colotto
55%
24 MF Spain Paco Montañés
55%
3 DF Spain Raúl Rodríguez
45%
23 DF Spain Anaitz Arbilla
36%
30 DF Ivory Coast Eric Bailly
36%
14 MF Spain José Alberto Cañas
36%
17 MF Spain Lucas Vázquez
36%
7 MF Spain Álex Fernández
27%
18 DF Spain Juan Rafael Fuentes
27%
6 MF Spain Salva Sevilla
27%
12 DF Spain Carlos Clerc
18%
1 GK Spain Germán Parreño
18%
11 MF Spain Manu Lanzarote
18%
No matching quizzes found
Score Distribution
Percent of People with Each Score
Percentile by Number Answered
Your Score History
You have not taken this quiz